Handbook of Population and Family Economics

書誌詳細
第一著者: #N/A
フォーマット: 電子媒体 eBook
言語:English
出版事項: ELSEVIER, 1997
主題:
オンライン・アクセス:Full text available on ScienceDirect
Off-campus access
LEADER 01093pam a2200253 a 4500
001 AALebookScienceDirectFIN000482
003 BD-DhAAL
006 m||||||||d||||||||
007 cr||||||||||||
008 221127s9999 xxuabf fo j 001 0 eng d
020 |a 9780444826459 
040 |a BD-DhAAL  |c BD-DhAAL 
100 1 |a #N/A 
245 1 0 |h [electronic resource]  |a Handbook of Population and Family Economics 
260 |b ELSEVIER,  |c 1997 
300 |a 1 online resource 
500 |a <strong>On-Campus Access:</strong> No User ID or Password Required 
500 |a <strong>Off-Campus Access:</strong> Athens ID and Password Required 
506 |a Electronic access restricted to authorized BRAC University faculty, staff and students 
538 |a Mode of access: Internet 
650 4 |a Finance 
655 7 |a Electronic books  |2 Library of Congress 
856 4 0 |z Full text available on ScienceDirect  |u https://www.sciencedirect.com/science/book/9780444826459 
856 4 0 |z Off-campus access  |u https://go.openathens.net/redirector/bracu.ac.bd?url=https%3A%2F%2Fwww.sciencedirect.com%2Fscience%2Fbook%2F9780444826459